[Event "Fyli op 4th"]
[Site "Fyli"]
[Date "2012.04.28"]
[Round "4"]
[White "Papadopoulos, Georgios"]
[Black "Gkertsos, Georgios"]
[Result "0-1"]
[WhiteElo "1849"]
[BlackElo "1877"]
[PlyCount "114"]
[EventDate "2012.03.24"]
[EventType "swiss"]
[EventRounds "7"]
[EventCountry "GRE"]
[SourceTitle "EXT 2013"]
[Source "ChessBase"]
[SourceDate "2012.11.22"]
[SourceVersion "1"]
[SourceVersionDate "2012.11.22"]
[SourceQuality "1"]

1. e4 c5 2. c3 Nf6 3. e5 Nd5 4. d4 cxd4 5. cxd4 Nc6 6. Nf3 d6 7. Bc4 Nb6 8. Bb3 dxe5 9. Nxe5 Nxe5 10. dxe5 Qxd1+ 11. Bxd1 Bd7 12. Bf3 Rc8 13. 0-0 Bc6 14. Bg4 e6 15. Nc3 Bc5 16. a4 Nc4 17. Re1 0-0 18. Re2 Bd4 19. Rb1 Nxe5 20. Bh3 Nd3 21. Be3 Bxe3 22. Rxe3 Rfd8 23. b4 Nf4 24. b5 Bxg2 25. Bxg2 Rxc3 26. Bxb7 Rxe3 27. fxe3 Ne2+ 28. Kf1 Nc3 29. Rb4 Nd5 30. Rb3 Nb6 31. Rb4 Rd1+ 32. Kf2 Ra1 33. Rd4 g6 34. Rd8+ Kg7 35. Bc6 Nxa4 36. Rb8 Nb6 37. Rb7 Nc4 38. Kf3 Ne5+ 39. Ke4 Kf6 40. Kd4 Rc1 41. e4 Nxc6+ 42. bxc6 Rxc6 43. e5+ Kg7 44. Rxa7 Rc2 45. h3 h5 46. Ra3 h4 47. Ke4 Rg2 48. Kf4 g5+ 49. Ke4 Rg3 50. Rxg3 hxg3 51. Kf3 Kg6 52. Kxg3 Kf5 53. Kf3 Kxe5 54. Kg4 Kf6 55. Kg3 Kg6 56. Kg4 f5+ 57. Kg3 Kh5 0-1

[Event "Athens AEK op 1st"]
[Site "Athens"]
[Date "2011.03.13"]
[Round "2.4"]
[White "Gkertsos, Georgios"]
[Black "Rahmanidis, Petros"]
[Result "1-0"]
[WhiteElo "1881"]
[BlackElo "1611"]
[PlyCount "39"]
[EventDate "2011.03.12"]
[EventType "swiss"]
[EventRounds "5"]
[EventCountry "GRE"]
[SourceTitle "EXT 2024"]
[Source "ChessBase"]
[SourceDate "2023.10.10"]
[SourceVersion "1"]
[SourceVersionDate "2023.10.10"]
[SourceQuality "1"]

1. d4 Nf6 2. Bf4 e6 3. e3 d5 4. Bd3 c5 5. c3 Nc6 6. Nf3 Bd6 7. Bg3 0-0 8. Nbd2 Re8 9. Ne5 Bc7 10. h4 Nxe5 11. dxe5 Nd7 12. Nf3 f6 13. Bxh7+ Kxh7 14. Ng5+ Kg8 15. Qh5 Nf8 16. Qf7+ Kh8 17. exf6 Qxf6 18. Qxe8 Bxg3 19. fxg3 Bd7 20. Qxa8 1-0